| 000 | 00965cam a2200325 a 4500 | ||
|---|---|---|---|
| 001 | 4624 | ||
| 003 | FISKH | ||
| 005 | 20240918113352.0 | ||
| 008 | 981231s1999 nyua b 000 1 eng | ||
| 010 | _a 98053951 | ||
| 020 | _a0439098343 (pb) | ||
| 020 | _a078073003990 | ||
| 040 |
_aDLC _cDLC _dDLC _beng |
||
| 050 | _aPZ7.B7633 | ||
| 082 | _a813.54 | ||
| 100 | 1 | _aBridwell, Norman. | |
| 245 | 1 | 0 |
_aClifford and the Halloween parade / _cNorman Bridwell. |
| 260 |
_aNew York : _bScholastic, _c1999. |
||
| 300 |
_a28 unnumbered pages : _bcolor illustrations ; _c23 cm |
||
| 440 | 0 |
_aHello reader! _nLevel 1 |
|
| 505 | _aE | ||
| 520 | _aClifford, the big red dog, joins the Halloween parade disguised as a fire engine. | ||
| 521 | 8 |
_a230
_bLexile |
|
| 521 | 8 |
_aE
_bRaz-Plus |
|
| 650 | 1 |
_aDogs _xFiction. |
|
| 650 | 1 |
_aHalloween _xFiction. |
|
| 906 |
_a7 _bcbc _corignew _d1 _eocip _f19 _gy-gencatlg |
||
| 942 |
_2ddc _cBK _n0 |
||
| 999 |
_c4624 _d4624 |
||